Statistiques concernant Intercommunalités du Loir-et-Cher

Cliquez ici pour prendre le quiz!

Statistiques générales

  • Ce quiz a été pris 12 fois
  • Le résultat moyen est 5 sur 11

Statistiques - réponses

Nombres de CommunesIntercommunalités% Correct
43Communauté d'agglomération de Blois « Agglopolys »
100%
65Communauté d'agglomération Territoires Vendômois
92%
16Communauté de communes du Romorantinais et du Monestois
92%
30Communauté de communes Beauce Val de Loire
42%
06Communauté de communes Cœur de Sologne
42%
07Communauté de communes de la Sologne des Rivières
42%
16Communauté de communes du Grand Chambord
42%
12Communauté de communes des Collines du Perche
33%
33Communauté de communes Val-de-Cher-Controis
25%
23Communauté de communes du Perche et Haut Vendômois
8%
12Communauté de communes de la Sologne des Étangs
0%

Distribution des résultats

Percentile par nombre de réponses

% des personnes avec chaque résultat

Votre développement - résultats

Vous n’avez pas pris ce quiz